000 00343nam a2200145Ia 4500
100 _aGreenberg/ Jeff/ Lakeland
942 _cBK
654 _acomputer
245 _aBuilding Professional Web sites with the Right Tools
260 _bPrentice Hall
_c2000
082 _a5.72
_bGRE
300 _a534
546 _aENGLISH
999 _c24478
_d24478